Central Library OPAC University of Rajshahi

ফোকলোর চর্চায় রূপতাত্ত্বিক বিশ্লেষণ পদ্ধতি / (Record no. 53094)

MARC details
000 -LEADER
fixed length control field 00909nam a2200229 a 4500
001 - CONTROL NUMBER
control field 53094
003 - CONTROL NUMBER IDENTIFIER
rucl marc code BD-RjUL
005 - DATE AND TIME OF LATEST TRANSACTION
control field 20211209075916.0
008 - FIXED-LENGTH DATA ELEMENTS--GENERAL INFORMATION
fixed length control field 161003s1982 ii ||||| |||| 00| 0 ben d
035 ## - SYSTEM CONTROL NUMBER
System control number (BD-RjUL)53214
040 ## - CATALOGING SOURCE
Original cataloging agency BD-RjUL
Language of cataloging ben
Transcribing agency BD-RjUL
041 ## - LANGUAGE CODE
Language code of text/sound track or separate title ben
082 ## - DEWEY DECIMAL CLASSIFICATION NUMBER
Edition number 23
Classification number 398
Author mark and year ISF 1982
100 ## - MAIN ENTRY--PERSONAL NAME
Personal name ইসলাম, মযহারুল
9 (RLIN) 158690
245 10 - TITLE STATEMENT
Title ফোকলোর চর্চায় রূপতাত্ত্বিক বিশ্লেষণ পদ্ধতি /
Statement of responsibility, etc. মযহারুল ইসলাম
260 ## - PUBLICATION, DISTRIBUTION, ETC. (IMPRINT)
Place of publication, distribution, etc. কলিকাতা :
Name of publisher, distributor, etc. লোক লৌকিক প্রকাশানী,
Date of publication, distribution, etc. ১৯৮২
300 ## - PHYSICAL DESCRIPTION
Pagination [৪], ২৮০ পৃ.;
Size ২২ সেমি.
504 ## - BIBLIOGRAPHY, ETC. NOTE
Bibliography, etc গ্রন্থপঞ্জি সংযুক্ত
650 ## - SUBJECT ADDED ENTRY--TOPICAL TERM
Topical term or geographic name as entry element লোকাচারবিদ্যা
9 (RLIN) 158691
Topical term or geographic name as entry element Folklore
9 (RLIN) 158692
942 ## - ADDED ENTRY ELEMENTS (KOHA)
Source of classification or shelving scheme Dewey Decimal Classification
Koha item type Books
Holdings
Lost status Source of classification or shelving scheme Damaged status Not for loan Collection code Permanent Location Current Location Shelving location Date acquired Source of acquisition Cost, normal purchase price Total Checkouts Full call number Date last seen Copy number Koha item type
  Dewey Decimal Classification     Non-fiction Central Library, University of Rajshahi Central Library, University of Rajshahi   19/12/1982 Bangla Dept. R.U 85.00   B 398 ISF 1982 03/10/2016 C-2 Books
  Dewey Decimal Classification     Non-fiction Central Library, University of Rajshahi Central Library, University of Rajshahi   29/12/2009 Prof. Abdul Khalek, Bangla Dept., RU. 85.00   B 398 ISF 1982 21/11/2016 C-3 Books
  Dewey Decimal Classification   Not For Loan Non-fiction Central Library, University of Rajshahi Central Library, University of Rajshahi Reading Room 29/12/1982 Prof. Abdul Khalek, Bangla Dept., RU. 85.00   B 398 ISF 1982 20/12/2016 C-1 Books